[Event "Olympiad Women 2024"]
[Site "Budapest HUN"]
[Date "2024.09.14"]
[Round "4.19"]
[Board "4"]
[White "Wadifa, Ahmed"]
[Black "Hapala, Elisabeth"]
[Result "1/2-1/2"]
[WhiteElo "1988"]
[BlackElo "2113"]
[PlyCount "89"]
[EventDate "2024.09.11"]
[WhiteTeam "Bangladesh"]
[BlackTeam "Austria"]
[WhiteTeamCountry "BAN"]
[BlackTeamCountry "AUT"]

1. e4 c5 2. Nf3 e6 3. d4 cxd4 4. Nxd4 a6 5. Nc3 b5 6. Bd3 Bb7 7. O-O Nc6 8. Nxc6 Bxc6 9. Re1 Ne7 10. Bg5 ({RR} 10. a4 bxa4 11. Nxa4 Nc8 12. Be3 a5 13. e5 Qh4 14. c3 Be7 15. g3 Qh3 16. Bf1 Qf5 17. Nb6 Nxb6 18. Bxb6 Rb8 19. Bd3 Qh3 20. Bf1 Qf5 21. Bd3 Qf3 22. Qxf3 Bxf3 23. Bxa5 Rxb2 24. Rab1 Rxb1 {0-1 Guseinov,G (2661)-Kovalenko,I (2674) Chess.com Rapid Wk4 Swiss 2022 (4)}) 10... f6 $146 ({RR} 10... Qb8 11. a4 b4 12. Ne2 Ng6 13. Nd4 Qe5 14. Nf3 Qxb2 15. Rb1 Qc3 16. Bd2 Qf6 17. Bg5 Qc3 18. Bd2 Qf6 19. Bg5 {½-½ Felgaer,R (2570)-Bachmann,A (2551) Asuncion zt 2.5 2011 (6)}) ({RR} 10... Qb8 11. a4 b4 12. Ne2 Ng6 13. Nd4 Bb7 14. Nb3 Bd6 15. g3 Qc7 16. Nd2 Ne5 17. Be3 O-O 18. f4 Nxd3 19. cxd3 f5 20. Rc1 Qd8 21. Bd4 Rc8 22. Nc4 Bc7 23. exf5 Rxf5 24. Qg4 Qf8 25. Ne3 {1-0 Svidler,P (2698)-Balmagambetov,T (2154) FIDE World Rapid Team 2024 (12.32)}) ({RR} 10... Qb6 11. a4 b4 12. a5 Qc7 13. Na4 Qxa5 14. Be3 Bxa4 15. b3 Qc7 16. Rxa4 a5 17. f4 Nc6 18. Qg4 g6 19. e5 Be7 20. g3 O-O 21. h4 h5 22. Qf3 Kg7 23. Be4 Rfd8 24. Qf2 Rdb8 25. Rd1 {0-1 Jaracz,B (2213)-Khamrakulov,I (2451) Andorra op 19th 2001 (4)}) 11. Bh4 Ng6 12. e5 Nxh4 13. Qh5+ g6 14. Qxh4 f5 15. Qxd8+ Rxd8 16. a4 b4 17. Nb1 a5 18. Nd2 Bc5 19. Nc4 Ra8 20. b3 g5 21. Rad1 h5 22. Bf1 h4 23. Nd6+ Ke7 24. Bb5 Bd5 25. Nxf5+ Kd8 26. Ne3 Bxe3 27. fxe3 Rc8 28. Bxd7 Kxd7 29. e4 Rxc2 30. exd5 Rf8 31. dxe6+ Kxe6 32. Rd6+ Ke7 33. Rg6 Rf5 34. e6 Rcc5 35. Rg7+ Ke8 36. e7 Rfe5 37. Rg8+ Kxe7 38. Rxe5+ Rxe5 39. Kf2 Kf6 40. Ra8 Kf5 41. Rc8 Ke4 42. Ke2 Kf4+ 43. Kf2 Ke4 44. Ke2 Kf4+ 45. Kf2 1/2-1/2

[Event "Olympiad Women 2024"]
[Site "Budapest HUN"]
[Date "2024.09.14"]
[Round "4.20"]
[Board "1"]
[White "Pipiras, Filipa Fortuna"]
[Black "Lakos, Nikoletta"]
[Result "1/2-1/2"]
[WhiteElo "2187"]
[BlackElo "2192"]
[PlyCount "62"]
[EventDate "2024.09.11"]
[WhiteTeam "Portugal"]
[BlackTeam "Hungary B"]
[WhiteTeamCountry "POR"]

1. d4 d5 2. c4 e6 3. Nc3 Be7 4. cxd5 exd5 5. Bf4 c6 6. e3 Bf5 7. Nge2 Qb6 ({RR} 7... Bd6 8. Ng3 Bg6 9. Bxd6 Qxd6 10. Qb3 Qe7 11. Be2 Nf6 12. O-O h5 13. h3 h4 14. Nh1 O-O 15. Rfe1 b6 16. Bf1 Nbd7 17. f3 Qe6 18. Nf2 c5 19. Rad1 a6 20. e4 dxe4 21. Qxe6 fxe6 22. Nfxe4 {1-0 Sokolov,I (2689)-King,D (2526) EU-ch blitz Cannes 2006 (1)}) ({RR} 7... Bd6 8. Qb3 b6 9. Ng3 Be6 10. Bxd6 Qxd6 11. Bd3 Nf6 12. O-O O-O 13. Rac1 Nbd7 14. Rfd1 g6 15. Nge2 a6 16. Na4 c5 17. dxc5 bxc5 18. Qa3 Rfc8 19. h3 Qf8 20. Nf4 c4 21. Qxf8+ Kxf8 22. Be2 {0-1 Muradli,M (2555)-Rustemov,A (2525) Titled Tue 13th Feb Early 2024 (5)}) 8. Qd2 Nf6 9. Ng3 Bg6 10. Be2 $146 ({RR} 10. h4 Nh5 11. Nxh5 Bxh5 12. f3 Bg6 13. h5 Bf5 14. O-O-O Nd7 15. g4 Be6 16. g5 Qa5 17. Bd3 O-O-O 18. Qc2 g6 19. Kb1 Rhg8 20. Na4 Nf8 21. hxg6 hxg6 22. Rc1 Bd6 23. Bxd6 Rxd6 24. Rh4 Rd8 {1-0 Popov,V (2563)-Al Tamimi,H (2284) Biel MTO op 42nd 2009 (3)}) ({RR} 10. h4 h5 11. Be2 Nbd7 12. a3 a5 13. Bf3 Qd8 14. Qe2 Kf8 15. Kf1 Qb6 16. Rc1 Re8 17. Kg1 Kg8 18. Qd2 Qa7 19. Bg5 Bf8 20. Nce2 Be4 21. Bxf6 Nxf6 22. Bxe4 dxe4 23. Nc3 Bd6 24. Rh3 Qb6 {½-½ Ree,H (2455)-Boersma,P (2380) OHRA Open Amsterdam 1985 (2)}) 10... Nbd7 11. O-O O-O 12. Na4 Qb4 13. Qxb4 Bxb4 14. a3 Be7 15. b4 b5 16. Nc5 Nxc5 17. bxc5 a5 18. Rfc1 h6 19. a4 b4 20. Bd1 Ne4 21. Nxe4 Bxe4 22. Bb3 Bf6 23. Ra2 Rfe8 24. Rd2 Bf5 25. Re1 g5 26. Bd6 Kg7 27. Kf1 Bg6 28. Ke2 Ra7 29. Kd1 Be7 30. Bg3 Bf6 31. Bc2 Rb7 1/2-1/2

[Event "Olympiad Women 2024"]
[Site "Budapest HUN"]
[Date "2024.09.14"]
[Round "4.20"]
[Board "2"]
[White "Karacsonyi, Kata"]
[Black "Silva, Mariana"]
[Result "1-0"]
[WhiteElo "2233"]
[BlackElo "2005"]
[PlyCount "99"]
[EventDate "2024.09.11"]
[WhiteTeam "Hungary B"]
[BlackTeam "Portugal"]
[BlackTeamCountry "POR"]

1. e4 c5 2. Nf3 Nc6 3. Bb5 Nf6 4. Nc3 g6 5. e5 Ng4 6. Bxc6 dxc6 7. h3 Nh6 8. O-O Bg7 ({RR} 8... Nf5 9. d3 Bg7 10. Ne4 b6 11. Re1 O-O 12. Bf4 Nd4 13. Nfd2 Ne6 14. Bg3 Bh6 15. Nc4 b5 16. Ncd2 Qd5 17. Nc3 Qd7 18. Nb3 a5 19. a4 c4 20. Nc1 b4 21. Ne4 Ba6 22. dxc4 Qxd1 23. Rxd1 {0-1 Oro,F (2434)-Andreikin,D (2729) Titled Tue 6th Aug Late 2024 (4)}) 9. d3 O-O 10. a4 ({RR} 10. Ne4 b6 11. Bg5 Nf5 12. Re1 Nd4 13. Nxd4 cxd4 14. Ng3 h6 15. Bd2 Qd5 16. Qe2 Be6 17. b3 a5 18. a4 Kh7 19. Kh2 Rg8 20. f4 Bf5 21. Nxf5 gxf5 22. Qh5 e6 23. Qxf7 Raf8 24. Qe7 Re8 {0-1 Akhayan,R (2260)-Stanojevic,I (2237) Titled Tue 23rd Jul Late 2024 (2)}) 10... a5 $146 ({RR} 10... Nf5 11. Re1 Nd4 12. a5 Qc7 13. Bf4 Ne6 14. Bg3 Bd7 15. Ne4 b6 16. Qd2 Rad8 17. Ra4 Qb7 18. b3 Nd4 19. Nxd4 cxd4 20. Qb4 b5 21. Raa1 Bf5 22. Nc5 Qc8 23. Qd2 Rd5 24. b4 h6 25. Re2 {0-1 Hernandez Estevez,Y (2252)-Alexieva,S (2261) Olympiad Women-40 2012 (8.4)}) 11. Be3 b6 12. d4 Nf5 13. dxc5 Nxe3 14. fxe3 bxc5 15. Qxd8 Rxd8 16. Ne4 Bf5 17. Nxc5 Bh6 18. Kf2 Bxc2 19. Rac1 Bf5 20. g4 Bc8 21. Rfd1 Rxd1 22. Rxd1 Be6 23. b3 Bg7 24. Nxe6 fxe6 25. Kg3 Rb8 26. Rd3 h6 27. h4 Rb4 28. Rc3 Re4 29. Rc5 Rxe3 30. Rxa5 Rxb3 31. Rc5 Ra3 32. a5 Kf7 33. Kf2 Ra4 34. g5 h5 35. Ke3 Ra3+ 36. Ke4 Ra4+ 37. Nd4 Ke8 38. Kd3 Ra3+ 39. Kc4 Ra4+ 40. Kc3 Kd7 41. Nxc6 Rxh4 42. a6 Kc7 43. Nd4+ Kb8 44. Nxe6 Bh8 45. Rb5+ Ka7 46. Nc7 Bxe5+ 47. Rxe5 Kb8 48. Nb5 Ra4 49. a7+ Ka8 50. Rxe7 1-0

[Event "Olympiad Women 2024"]
[Site "Budapest HUN"]
[Date "2024.09.14"]
[Round "4.20"]
[Board "3"]
[White "Duque, Raquel Dos Santos"]
[Black "Demeter, Dorina"]
[Result "1/2-1/2"]
[WhiteElo "1913"]
[BlackElo "2199"]
[PlyCount "88"]
[EventDate "2024.09.11"]
[WhiteTeam "Portugal"]
[BlackTeam "Hungary B"]
[WhiteTeamCountry "POR"]

1. d4 d5 2. Nf3 e6 3. g3 b6 4. Bg2 Bb7 5. O-O Nd7 6. a4 ({RR} 6. c4 dxc4 7. Qa4 a6 8. Qxc4 Ngf6 9. Bg5 Be7 10. Nbd2 O-O 11. Rfd1 c5 12. dxc5 Nxc5 13. Nb3 Bd5 14. Qh4 Nce4 15. Nbd4 Qc7 16. Bf4 Qb7 17. Ng5 Nxf2 18. Rf1 Bxg2 19. Rxf2 Be4 20. Qh3 Bg6 {0-1 Robson,R (2676)-Grandelius,N (2663) Chess.com Rapid Wk6 Swiss 2022 (1)}) ({RR} 6. c4 dxc4 7. Qa4 a6 8. Qxc4 Ngf6 9. Rd1 h6 10. Nc3 b5 11. Qd3 c5 12. dxc5 Bxc5 13. Be3 Qb6 14. Bxc5 Nxc5 15. Qd4 O-O 16. b4 Ncd7 17. Qxb6 Nxb6 18. Ne5 Bxg2 19. Kxg2 Rfc8 20. Rac1 Nc4 {0-1 Mirzoev,A (2448)-Kosakowski,J (2480) Krakow International 2024 (7.4)}) 6... a5 7. c4 $146 ({RR} 7. Nc3 Bb4 8. Bg5 Ne7 9. Na2 Bd6 10. Nc1 O-O 11. Nd3 f6 12. Bf4 Ng6 13. Bxd6 cxd6 14. Nf4 Nxf4 15. gxf4 Qe7 16. c3 Rad8 17. e3 Kh8 18. Kh1 f5 19. b4 Nf6 20. Nd2 Rc8 21. Rc1 Ba6 {1-0 Thorfinnsson,B (2439)-Grandelius,N (2663) Titled Tuesday intern op 02nd Mar blitz 2021 (2)}) 7... Ngf6 8. Bf4 dxc4 9. Qc2 Nd5 10. Bg5 f6 11. Bd2 Ba6 12. Re1 Rc8 13. Qe4 Qe7 14. Bh3 f5 15. Bxf5 exf5 16. Qxd5 Qe4 17. Qxe4+ fxe4 18. Ng5 Nf6 19. Nc3 Rd8 20. Bf4 Rd7 21. Rad1 Bb4 22. f3 Bb7 23. Be5 Bxc3 24. bxc3 Re7 25. fxe4 Bxe4 26. Nf3 Nd5 27. Nd2 Bc2 28. Ra1 Ne3 29. Bf4 O-O 30. Ra2 Bb3 31. Nxb3 cxb3 32. Rb2 Nc2 33. Rf1 Rxe2 34. Rxb3 Ne3 35. Bxe3 Rxe3 36. Rxf8+ Kxf8 37. Kf2 Re6 38. d5 Re4 39. d6 cxd6 40. Rxb6 Ke7 41. Rb7+ Kf6 42. Rd7 Rxa4 43. Rxd6+ Ke7 44. Ra6 Rc4 1/2-1/2

[Event "Olympiad Women 2024"]
[Site "Budapest HUN"]
[Date "2024.09.14"]
[Round "4.20"]
[Board "4"]
[White "Terbe, Zsuzsanna"]
[Black "Avelino, Camila Biscaya"]
[Result "1-0"]
[WhiteElo "2168"]
[BlackElo "1843"]
[PlyCount "81"]
[EventDate "2024.09.11"]
[WhiteTeam "Hungary B"]
[BlackTeam "Portugal"]
[BlackTeamCountry "POR"]

1. d4 Nf6 2. c4 g6 3. Nc3 Bg7 4. e4 d6 5. Be2 O-O 6. Be3 Nbd7 7. h4 e5 8. d5 Nc5 9. Qc2 a5 10. h5 c6 11. h6 Bh8 12. Nf3 cxd5 13. cxd5 Ng4 14. Bxc5 dxc5 15. Nd2 $146 ({RR} 15. Bc4 Bd7 16. a4 Qe7 17. Rd1 Nf6 18. d6 Qe8 19. Nb5 Bxb5 20. Bxb5 Qe6 21. Bc4 Qe8 22. Ng5 Nd7 23. Qb3 Bf6 24. Nf3 Qd8 25. Bb5 Rc8 26. Qd5 c4 27. O-O Nb6 28. Qxb7 Rb8 29. Qc7 Rc8 {1-0 Urkedal,F (2563)-Ramirez Garrastacho,M (2168) Kvisla 2021 (8)}) 15... Bf6 16. Nc4 Bh4 17. Bxg4 Bxg4 18. Nxe5 Bh5 19. O-O Bg5 20. f4 Bxh6 21. Nc4 Bg7 22. e5 f6 23. Qe4 fxe5 24. fxe5 Qg5 25. d6 Bg4 26. Qd5+ Kh8 27. Ne4 Qh4 28. Nxc5 Be2 29. Nd2 Bxf1 30. Rxf1 Rxf1+ 31. Nxf1 Rf8 32. Nd3 Qg5 33. Qe4 Qf5 34. Qxf5 gxf5 35. Ne3 f4 36. Nc4 Kg8 37. e6 Bd4+ 38. Kf1 b5 39. Nxa5 Rf6 40. d7 Bb6 41. e7 1-0

[Event "Olympiad Women 2024"]
[Site "Budapest HUN"]
[Date "2024.09.14"]
[Round "4.21"]
[Board "1"]
[White "Borosova, Zuzana"]
[Black "Perez Rodriguez, Jennifer"]
[Result "1/2-1/2"]
[WhiteElo "2205"]
[BlackElo "2224"]
[PlyCount "33"]
[EventDate "2024.09.11"]
[WhiteTeam "Slovakia"]
[BlackTeam "Paraguay"]
[WhiteTeamCountry "SVK"]
[BlackTeamCountry "PAR"]

1. e4 e5 2. Nf3 Nc6 3. d4 exd4 4. Nxd4 Nf6 5. Nxc6 bxc6 6. Bd3 d5 7. exd5 cxd5 8. O-O Be7 9. h3 O-O 10. Re1 c5 ({RR} 10... c6 11. Nd2 Re8 12. b3 Bd6 13. Rxe8+ Qxe8 14. Bb2 Be5 15. Bxe5 Qxe5 16. Nf3 Qd6 17. Qd2 a5 18. Re1 h6 19. Qc3 Be6 20. Qe5 Qxe5 21. Nxe5 c5 22. f4 Kf8 23. Ng6+ Kg8 24. Ne5 Kf8 25. Kf2 {½-½ Jobava,B (2690)-Leko,P (2691) Wch Blitz Riadh 2017 (1)}) 11. b3 Be6 12. Bb2 Rc8 $146 ({RR} 12... d4 13. Nd2 a5 14. a4 Nd5 15. Qf3 Nb4 16. Be4 Rb8 17. Ba3 Bf6 18. Bxb4 cxb4 19. Rad1 Re8 20. Bc6 Re7 21. Ne4 Rc7 22. Nc5 Rxc6 23. Qxc6 Bd5 24. Qd7 Rc8 25. Qxd8+ Rxd8 26. Ne4 Bxe4 27. Rxe4 {1-0 De Souza,A (2113)-Goncalves,N (1966) Titled Tue 30th Jul Late 2024 (4)}) ({RR} 12... Nd7 13. Qf3 Bf6 14. Bxf6 Qxf6 15. Qxf6 Nxf6 16. Nc3 Rfc8 17. Rac1 Kf8 18. Be2 Rab8 19. Bf3 d4 20. Ne2 g5 21. Rcd1 h5 22. Ng3 h4 23. Ne4 Nxe4 24. Bxe4 Re8 25. Bc6 Re7 26. Rd2 Rb6 27. Bf3 {½-½ Smeets,J (2585)-Van Foreest,L (2531) Bundesliga 1920 final 2020 (1.6)}) 13. Ba6 Rc6 14. Bb5 Rc8 15. Ba6 Rc6 16. Bb5 Rc8 17. Ba6 1/2-1/2

[Event "Olympiad Women 2024"]
[Site "Budapest HUN"]
[Date "2024.09.14"]
[Round "4.21"]
[Board "2"]
[White "Vargas, Gabriela"]
[Black "Repkova, Eva"]
[Result "0-1"]
[WhiteElo "2109"]
[BlackElo "2319"]
[PlyCount "132"]
[EventDate "2024.09.11"]
[WhiteTeam "Paraguay"]
[BlackTeam "Slovakia"]
[WhiteTeamCountry "PAR"]
[BlackTeamCountry "SVK"]

1. d4 d5 2. Nf3 Nf6 3. e3 e6 4. Bd3 c5 5. b3 Nc6 6. O-O Bd6 7. Bb2 Qc7 8. c4 cxd4 9. exd4 O-O 10. Re1 Ne7 $146 ({RR} 10... b6 11. Nc3 a6 12. cxd5 exd5 13. Rc1 Bf4 14. Rc2 Bg4 15. Na4 Rfe8 16. Rxe8+ Rxe8 17. g3 b5 18. Nc5 Bd6 19. Re2 Rc8 20. Re1 Nxd4 21. Bxd4 Bxc5 22. Bxf6 gxf6 23. Kg2 Qd7 24. Qd2 Kg7 25. Nh4 {½-½ Markus,R (2613)-Perunovic,M (2554) Gligoric Trophy KO 2023 (1.1)}) ({RR} 10... Rd8 11. Nc3 a6 12. c5 Bf4 13. g3 Bh6 14. Na4 Nd7 15. Bc1 Bxc1 16. Rxc1 g6 17. Qd2 Kg7 18. Qb2 Rb8 19. h4 Nf8 20. h5 gxh5 21. Kg2 Bd7 22. Qd2 f6 23. Nb6 Be8 24. b4 Bg6 25. Bb1 {1-0 Deepan Chakkravarthy,J (2499)-Sultan,I (2141) Dubai op 20th 2018 (2)}) 11. c5 Bf4 12. g3 Bh6 13. Ne5 Nc6 14. f4 Nxe5 15. fxe5 Ne4 16. Nc3 f5 17. Bxe4 dxe4 18. Nb5 Qc6 19. Nd6 Bd7 20. Bc1 e3 21. Qe2 f4 22. gxf4 Bxf4 23. Qg2 Qxg2+ 24. Kxg2 Bc6+ 25. Kg1 Bxe5 26. dxe5 Rf2 27. Rxe3 Raf8 28. Ne4 Rf1+ 29. Kg2 R1f4 30. Ba3 Bxe4+ 31. Rxe4 Rxe4 32. c6 bxc6 33. Bxf8 Kxf8 34. Rc1 Rxe5 35. Rxc6 a5 36. Kf3 Kf7 37. Rb6 g5 38. a4 h5 39. h3 Rc5 40. b4 axb4 41. Rxb4 Rc3+ 42. Kg2 h4 43. a5 Rg3+ 44. Kh2 Ra3 45. Rb7+ Kf6 46. Ra7 Ra2+ 47. Kg1 Ke5 48. a6 Kf4 49. Kf1 Kg3 50. Rg7 Ra5 51. a7 Kxh3 52. Rxg5 Rxa7 53. Kf2 Rf7+ 54. Kg1 Rf5 55. Rg6 e5 56. Rg8 e4 57. Rg7 Rf4 58. Rg2 Rg4 59. Kh1 Rg3 60. Re2 e3 61. Rf2 Kg4 62. Rf8 e2 63. Re8 Kf3 64. Kh2 Kf2 65. Re4 e1=Q 66. Re2+ Qxe2 0-1

[Event "Olympiad Women 2024"]
[Site "Budapest HUN"]
[Date "2024.09.14"]
[Round "4.21"]
[Board "3"]
[White "Mrvova, Alena"]
[Black "Montiel Caceres, Helen"]
[Result "1/2-1/2"]
[WhiteElo "2121"]
[BlackElo "1864"]
[PlyCount "147"]
[EventDate "2024.09.11"]
[WhiteTeam "Slovakia"]
[BlackTeam "Paraguay"]
[WhiteTeamCountry "SVK"]
[BlackTeamCountry "PAR"]

1. e4 c5 2. Nf3 e6 3. d3 Nc6 4. g3 d6 5. Bg2 Nf6 6. O-O Be7 7. c3 O-O 8. Qe2 b5 $146 ({RR} 8... e5 9. h3 Bd7 10. Nbd2 b5 11. Rd1 a5 12. d4 Qc8 13. Kh2 cxd4 14. cxd4 a4 15. dxe5 Nxe5 16. Nxe5 dxe5 17. Nf3 Qb8 18. Bg5 Be6 19. a3 {½-½ Tompa,J-Prelovszky,L HUN-ch23 Budapest 1967 (11)}) ({RR} 8... e5 9. Rd1 Re8 10. d4 exd4 11. cxd4 Bf8 12. Nc3 cxd4 13. Nxd4 h6 14. h3 d5 15. Be3 Nxd4 16. Bxd4 dxe4 17. Bxa7 Qa5 18. Bd4 Ra6 19. Qb5 Bf5 20. Qxb7 e3 21. Bxe3 Rxe3 22. fxe3 Rb6 23. Qc7 {0-1 Ibarra Jerez,J (2567)-Sarana,A (2682) Titled Tue 17th Oct Late 2023 (11)}) ({RR} 8... Qc7 9. a4 b6 10. Na3 Bb7 11. Bf4 Rfd8 12. Rfe1 Nd7 13. d4 e5 14. dxe5 Ncxe5 15. a5 Bc6 16. axb6 axb6 17. Bxe5 Nxe5 18. Nxe5 dxe5 19. Bf1 Bg5 20. Qf3 g6 21. Bc4 Kg7 22. Bd5 f5 23. Nc4 {½-½ Belyakov,B (2416)-Gelman,A (2403) Titled Tue 30th Jan Early 2024 (11)}) ({RR} 8... Re8 9. Nbd2 Bd7 10. a4 a6 11. e5 dxe5 12. Nxe5 Nxe5 13. Qxe5 Bc6 14. Qe2 Rb8 15. Rd1 b5 16. axb5 axb5 17. Ne4 Bb7 18. Bf4 Rc8 19. Nxf6+ Bxf6 20. Bxb7 Qb6 21. Bxc8 Rxc8 22. Qe4 c4 23. Ra8 {1-0 Catapano,F (1772)-Hosseni,R (1440) Cutro op-B 15th 2009 (3)}) 9. d4 Rb8 10. e5 Nd5 11. dxc5 dxc5 12. Nbd2 Qc7 13. Re1 a5 14. a4 Ba6 15. Qe4 bxa4 16. Rxa4 Nb6 17. Ra1 Rfd8 18. Bf1 Bxf1 19. Nxf1 Qd7 20. Ng5 Bxg5 21. Bxg5 Re8 22. Be3 Qd5 23. Qxd5 Nxd5 24. Bc1 Red8 25. Nd2 Nb6 26. f4 Rd5 27. Kf2 h6 28. Ke2 Rbd8 29. Ne4 Rb8 30. Rd1 Kf8 31. Rxd5 Nxd5 32. Nxc5 Ke7 33. Kd3 f6 34. exf6+ gxf6 35. b3 Rd8 36. Kc4 h5 37. Kb5 Rc8 38. Na4 Nxc3+ 39. Kb6 Nd5+ 40. Ka6 Ndb4+ 41. Kb6 Nd4 42. Ba3 Nxb3 43. Rd1 Rd8 44. Rxd8 Kxd8 45. Kb5 Ke8 46. Nc3 Kf7 47. Ne4 Nd3 48. Kc4 Ndc1 49. Kc3 a4 50. Kb4 Nd3+ 51. Kxa4 Nd4 52. Nc5 Nxc5+ 53. Bxc5 Nf3 54. h3 Nd2 55. Bf2 Ne4 56. Be1 Nc5+ 57. Kb5 Nd3 58. Bc3 Nf2 59. h4 Ne4 60. Be1 Kg6 61. Kc4 Kf5 62. Kd4 Nd6 63. Bb4 Nb5+ 64. Kc5 Nc7 65. Kd6 Nd5 66. Bd2 Nb6 67. Kc5 Nd7+ 68. Kd6 Nf8 69. Ke7 Ng6+ 70. Kf7 e5 71. fxe5 fxe5 72. g4+ Kxg4 73. Kxg6 Kxh4 74. Kf5 1/2-1/2

[Event "Olympiad Women 2024"]
[Site "Budapest HUN"]
[Date "2024.09.14"]
[Round "4.21"]
[Board "4"]
[White "Oviedo Acosta, Paula"]
[Black "Walter, Ema"]
[Result "1-0"]
[WhiteElo "1790"]
[BlackElo "2055"]
[PlyCount "83"]
[EventDate "2024.09.11"]
[WhiteTeam "Paraguay"]
[BlackTeam "Slovakia"]
[WhiteTeamCountry "PAR"]
[BlackTeamCountry "SVK"]

1. e4 e5 2. Nf3 Nc6 3. Bb5 a6 4. Bxc6 dxc6 5. O-O f6 6. d4 exd4 7. Qxd4 Bd6 8. e5 Bxe5 9. Qxd8+ Kxd8 10. Nxe5 fxe5 11. Re1 Bf5 ({RR} 11... Nf6 12. Rxe5 Re8 13. Rxe8+ Kxe8 14. Bg5 Kf7 15. Bxf6 Kxf6 16. Na3 Bf5 17. Rd1 Re8 18. Kf1 b5 19. c3 c5 20. f3 c4 21. Kf2 Bd3 22. Rd2 c5 23. Nc2 a5 24. Ne3 Ke6 25. f4 g6 26. g3 {0-1 Malyi,V (2391)-Kaminski,V (2247) Titled Tuesday intern op 05th Jul Early blitz 2022 (8)}) 12. Rxe5 $146 ({RR} 12. Bg5+ Nf6 13. Rxe5 Bxc2 14. Na3 Bg6 15. Rd1+ Kc8 16. Re7 Nd5 17. Rxg7 b5 18. Nb1 Kb7 19. Nc3 Nxc3 20. bxc3 Rhg8 21. Rdd7 Rxg7 22. Rxg7 Re8 23. Re7 c5 24. Rxe8 Bxe8 25. Be7 Kc6 26. Kf1 a5 {0-1 Bakker,J (1885)-Oosterom,E (2135) Leiden SB-ch 2008 (5)}) ({RR} 12. c3 e4 13. Bg5+ Nf6 14. Nd2 Re8 15. Re3 Kc8 16. Rae1 Nd5 17. R3e2 h6 18. Be3 g5 19. a3 Bg4 20. f3 exf3 21. gxf3 Bh5 22. Kf2 Nxe3 23. Rxe3 Rxe3 24. Rxe3 Kd7 25. Ne4 Rf8 26. Kg3 b6 {½-½ Czimer,J (1673)-Leipold,Z (1471) Fejer County-ch 2016 (2)}) 12... Bxc2 13. Na3 Bg6 14. Bg5+ Kc8 15. Nc4 h6 16. Bh4 b6 17. Re6 Bf7 18. Rxc6 Bd5 19. Nxb6+ Kb7 20. Rc5 Kxb6 21. Rxd5 g5 22. Bg3 Nf6 23. Rf5 Ne4 24. Be5 Rh7 25. f3 Nd6 26. Rf6 Rd8 27. Rd1 Kc6 28. Bg3 Rdd7 29. Kf2 Kc5 30. Rc1+ Kb5 31. Bxd6 cxd6 32. Ke3 Rhe7+ 33. Kd3 Re5 34. Rc2 h5 35. Kd4 g4 36. Rxd6 Rxd6+ 37. Kxe5 Rd1 38. fxg4 hxg4 39. Kf4 Rd4+ 40. Kg3 a5 41. h3 gxh3 42. Kxh3 1-0

[Event "Olympiad Women 2024"]
[Site "Budapest HUN"]
[Date "2024.09.14"]
[Round "4.22"]
[Board "1"]
[White "Shuqja, Klean"]
[Black "Cramling, Pia"]
[Result "0-1"]
[WhiteElo "2042"]
[BlackElo "2425"]
[PlyCount "100"]
[EventDate "2024.09.11"]
[WhiteTeam "Albania"]
[BlackTeam "Sweden"]
[WhiteTeamCountry "ALB"]
[BlackTeamCountry "SWE"]

1. e4 c5 2. Nf3 e6 3. c3 Nf6 4. e5 Nd5 5. d4 cxd4 6. cxd4 d6 7. Bc4 Nb6 8. Bd3 Bd7 9. O-O Bc6 10. Qe2 ({RR} 10. Nc3 N8d7 11. Bf4 dxe5 12. Nxe5 Nxe5 13. Bxe5 Bd6 14. Re1 O-O 15. Re3 Bxe5 16. dxe5 Qg5 17. Be4 Rfd8 18. Qe2 Bxe4 19. Rxe4 Rd2 20. Qb5 Rad8 21. Rf1 h6 22. Re3 Qe7 23. Rg3 R8d4 24. h3 Nd5 {0-1 Zhigalko,S (2572)-Duda,J (2732) Titled Tue 27th Feb Late 2024 (4)}) ({RR} 10. Nc3 N8d7 11. Bf4 dxe5 12. dxe5 Nc5 13. Be2 Qxd1 14. Rfxd1 Rc8 15. Nd4 Bd7 16. Ndb5 a6 17. Nd6+ Bxd6 18. Rxd6 Bc6 19. Be3 Ncd7 20. Rad1 Nd5 21. Nxd5 Bxd5 22. f4 Rc6 23. Rxc6 Bxc6 24. Rc1 Nb8 {1-0 Perez Ponsa,F (2538)-Suder,J (2333) Titled Tue 13th Feb Late 2024 (4)}) 10... Bxf3 $146 ({RR} 10... N8d7 11. Nc3 Be7 12. Bf4 dxe5 13. dxe5 Nd5 14. Nxd5 Bxd5 15. Rfd1 O-O 16. Rac1 Rc8 17. Rxc8 Qxc8 18. Ng5 Bxg5 19. Bxg5 Nxe5 20. Qxe5 f6 21. Bxf6 Rxf6 22. Be4 Qc5 23. Qd4 Qxd4 24. Rxd4 Bxe4 25. Rxe4 {½-½ Patil,P (2141)-Yanev,T (2349) Wch U20 50th 2011 (9)}) ({RR} 10... N8d7 11. Bf4 Nd5 12. Bd2 dxe5 13. Nxe5 Nxe5 14. dxe5 Be7 15. Be4 Qc7 16. Bxd5 Bxd5 17. Rc1 Qd7 18. Qg4 Bc6 19. b4 Qd5 20. Qg3 Bh4 21. Qg4 h5 22. Qh3 Qd4 23. Be3 Qxa1 24. Nc3 Bxf2+ 25. Kxf2 {0-1 Ghader Pour,S (2190)-Sergeyeva,M (2328) Abu Dhabi op 17th 2007 (4)}) 11. Qxf3 Nc6 12. Bb5 d5 13. Qg4 h5 14. Qg5 Rc8 15. Qxd8+ Kxd8 16. Be3 a6 17. Be2 Be7 18. Nd2 Kd7 19. Rac1 g6 20. Rfd1 Na4 21. Rb1 b5 22. Nb3 Rc7 23. f4 Na7 24. Bd3 Nc8 25. Nd2 Ncb6 26. a3 Rb8 27. Re1 Nc4 28. b3 Nxe3 29. bxa4 Nc2 30. Bxc2 Rxc2 31. Nf3 Bxa3 32. axb5 axb5 33. Re3 Rc1+ 34. Re1 Rxe1+ 35. Nxe1 Be7 36. Nd3 b4 37. Rb3 Rc8 38. Kf2 Rc4 39. Ke3 Kc6 40. Rb2 Kb5 41. Ra2 Rc7 42. g3 b3 43. Ra8 Kc4 44. Rb8 Kc3 45. h3 Rc4 46. g4 hxg4 47. hxg4 Bb4 48. f5 Rxd4 49. Nc1 Re4+ 50. Kf3 b2 0-1

[Event "Olympiad Women 2024"]
[Site "Budapest HUN"]
[Date "2024.09.14"]
[Round "4.22"]
[Board "2"]
[White "Agrest, Inna"]
[Black "Geske, Bruna"]
[Result "1-0"]
[WhiteElo "2197"]
[BlackElo "2023"]
[PlyCount "103"]
[EventDate "2024.09.11"]
[WhiteTeam "Sweden"]
[BlackTeam "Albania"]
[WhiteTeamCountry "SWE"]
[BlackTeamCountry "ALB"]

1. e4 c5 2. Nf3 Nc6 3. d4 cxd4 4. Nxd4 Nf6 5. Nc3 e5 6. Ndb5 d6 7. Nd5 Nxd5 8. exd5 Nb8 9. a4 Be7 10. Be2 O-O 11. O-O f5 12. b4 ({RR} 12. f4 a6 13. Na3 Nd7 14. Nc4 b6 15. fxe5 Nxe5 16. Be3 Nxc4 17. Bxc4 Bf6 18. Bd4 Bd7 19. Kh1 Re8 20. c3 Bxd4 21. Qxd4 Re4 22. Qd3 Qc8 23. b3 Qc5 24. Bxa6 Re3 25. Qc4 Rxc3 26. Qxc5 Rxc5 {½-½ Nepomniachtchi,I (2773)-Carlsen,M (2861) Abidjan GCT blitz 2019 (15)}) 12... f4 13. a5 Nd7 14. c4 $146 ({RR} 14. f3 Rf6 15. c4 Rh6 16. Bd3 Nf8 17. g4 Rh4 18. Kg2 h5 19. h3 Bd7 20. Nc3 Qe8 21. Bd2 Ng6 22. Be1 hxg4 23. hxg4 Rh6 24. Ne4 Bh4 25. Rh1 Qe7 26. c5 Bxg4 27. fxg4 f3+ 28. Kf1 Qd7 {1-0 Pranesh,M (2537)-Salem,A (2629) Dubai Police Open A 2024 (9.9)}) 14... e4 15. Ra3 Ne5 16. Nd4 Qe8 17. Re1 Bh4 18. g3 f3 19. Bf1 Qg6 20. Qc2 Bxg3 21. hxg3 Ng4 22. Rxe4 Qh5 23. Rxg4 Bxg4 24. Qd2 h6 25. Re3 Rae8 26. Qd3 Qf7 27. Bb2 h5 28. Ne6 Bxe6 29. dxe6 Rxe6 30. Rxe6 Qxe6 31. Qd4 Qg6 32. Bd3 Qh6 33. b5 h4 34. Qxh4 Qxh4 35. gxh4 Rf4 36. Kh2 Rxh4+ 37. Kg3 g5 38. Kxf3 Kf7 39. Be4 Ke6 40. Bd4 Rh3+ 41. Kg2 Ra3 42. Bxa7 Rxa5 43. Be3 Ra4 44. Bd5+ Kf5 45. Kg3 g4 46. b6 Rb4 47. Bxb7 Rxc4 48. Ba6 Rb4 49. b7 Rb3 50. Kg2 d5 51. Ba7 g3 52. fxg3 1-0